| 000 | 00416nam a2200169Ia 4500 | ||
|---|---|---|---|
| 999 |
_c30586 _d30586 |
||
| 003 | OSt | ||
| 005 | 20250524171713.0 | ||
| 008 | 250310s9999||||xx |||||||||||||| ||und|| | ||
| 040 | _c. | ||
| 082 |
_a823.912 _bH6157 |
||
| 100 |
_94842 _aHeyer, Georgette |
||
| 245 | 0 |
_aApril Lady / _cGeorgette Heyer |
|
| 260 |
_aLondon : _bHeinemann, _c1957. |
||
| 300 | _a268 p. | ||
| 690 |
_92474 _aEnglish fiction |
||
| 942 |
_cBK _2ddc |
||